Lectures scientifiques et littéraires

Guardado en:
Detalles Bibliográficos
Autor principal: J J Teixeira Botelho
Formato: Desconocido
Lenguaje:francés
Publicado: Porto Librairie Chardron 1909
Catálogo:MANES:  Resultados de Búsqueda del Catálogo
Clasificación de libros de texto:
Etiquetas: Agregar Etiqueta
Sin Etiquetas, Sea el primero en etiquetar este registro!
Añadido a:2016-04-26
Cambiado en:2025-04-25

MARC

LEADER 000000000a22000000004500
001 37227
003 OSt
005 20250425110805.0
008 160427s fr ||||| |||| 00| 0 fre d
041 |a Francés 
561 |5 pt-MJD  |a Portugal. Museu João de Deus  |k MANES 
690 |a LEN 
691 |a SE 
100 1 |a J  |b J  |b Teixeira Botelho  |9 19210 
245 0 0 |a Lectures scientifiques et littéraires 
260 3 |a Porto  |b Librairie Chardron  |c 1909 
300 |a 295 p.  |c 18 cm 
500 |a Registro Topográfico: 5370 
942 |2 ddc  |c BK 
546 |a Portugal 
999 |c 40686  |d 40686 
999 |c manes:40686  |d 40686